000 00627nam a2200253 a 4500
001 nice12345678
003 IN_TiNIC
005 20260116013518.0
008 050524s1974 dela grp 000 0 eng
020 _a
_c250
082 0 0 _a294
_bWIL
100 _aWilliams, Monier
245 _aReligious Thoughts and Life in India
260 _aDelhi
_bMunshiram Manoharlal Pub
_c1974
300 _a520p
500 _aincludes index and biblioraphy
505 2 _abibliography, index
650 _aHinduism
650 _aIndia-Religion
700 1 _aWilliams, Monier
902 _bSRS
942 _cBK
999 _c11280
_d11280